000 00607nam a2200193Ia 4500
003 GCL
008 140319s9999 xx 000 0 ara d
040 _aGCL /
_cGCL
082 0 4 _a230
_bق م
100 1 _aالقصيمى , عبدالله بن على النج
245 1 0 _aمشكلات الاحاديث النبوية وبيانها /
_cالقصيمى , عبدالله بن على النج
260 _a[S.N] :
_bدار الكتب القومية ،
_c1935
300 _a210 ص
490 _a
650 0 4 _aالاسلام
650 0 4 _aالحديث
650 0 4 _aالديانات
942 _2ddc
_cBK
999 _c58680
_d58680